Global forest resources assessment 2005 : Progress towards sustainable forest management

Gorde:
Xehetasun bibliografikoak
Formatua: Liburua
Hizkuntza:Undetermined
Argitaratua: Rome FAO 2006
Gaiak:
Etiketak: Etiketa erantsi
Etiketarik gabe, Izan zaitez lehena erregistro honi etiketa jartzen!
Thư viện lưu trữ: Trung tâm Học liệu Trường Đại học Cần Thơ
LEADER 00503nam a2200169Ia 4500
001 CTU_104472
008 210402s9999 xx 000 0 und d
082 |a 333.75 
082 |b G562 
245 0 |a Global forest resources assessment 2005 : 
245 0 |b Progress towards sustainable forest management 
260 |a Rome 
260 |b FAO 
260 |c 2006 
650 |a Forests and forestry,Forest surveys,Forest management 
904 |i Minh 
980 |a Trung tâm Học liệu Trường Đại học Cần Thơ